|
|
|
|
| LEADER |
00000nam a2200000 a 4500 |
| 001 |
UCU2541 |
| 003 |
CL-VaPUC |
| 008 |
960426e19800000CN |||||||||||||||||fre|d |
| 082 |
0 |
4 |
|a 341.46
|b MAT
|2 21
|
| 100 |
|
|
|a Mateesco Matte, Nicolás
|e autor
|9 382173
|
| 245 |
1 |
0 |
|a Traité de droit aérien - aéronautique
|
| 250 |
|
|
|a 3a. ed
|
| 300 |
|
|
|a 844 p
|
| 942 |
|
|
|c BK
|
| 945 |
|
|
|d 19960426 00:00:00
|a cmena
|
| 260 |
|
|
|a Montreal
|b ICDAS
|c 1980
|
| 650 |
|
0 |
|a Tráfico aéreo
|9 346615
|
| 650 |
|
7 |
|a AVIONES
|2 CL-VaPUC
|9 267263
|
| 650 |
|
0 |
|a Transportes aéreos
|9 260842
|
| 650 |
|
7 |
|a LEGISLACION
|2 CL-VaPUC
|9 358789
|
| 650 |
|
0 |
|a Acuerdos internacionales
|9 337381
|
| 583 |
|
|
|a last modification
|c 19960426 00:00:00
|k Rodrigo Vera
|
| 999 |
|
|
|c 246809
|d 246807
|
| 952 |
|
|
|0 0
|1 0
|4 0
|6 341_460000000000000_MAT_1980
|7 0
|8 A
|9 262052
|a BIBING
|b BIBING
|d 2019-11-19
|i 164405K
|o 341.46 MAT 1980
|p 164405K
|r 2025-01-20
|w 2019-11-19
|y BK
|k TRA
|